• 首页
  • 本馆介绍
  • 公告通知
  • 最新文献
  • 馆藏检索
  • 电子资源
  • 读者导购
  • 参考咨询
  • 我的图书馆
  • 登录
  • 详细信息显示
  • 放入我的书架
  • 预约/预借图书
  • 作者相关作品
  • 分类相关作品
  • 丛书相关作品
  • 出版社相关作品

书目信息

  • 表格格式
  • 工作单格式
  • 卡片格式
题名:
“新经济”透视
    
 
作者: 刘树成 , 张平 著
分册:  
出版信息: 北京   社会科学文献出版社  2001
页数: 527页
开本: 20cm
丛书名: 经济研究文库
单 册:
中图分类: F062.5
科图分类:
主题词: 经济学--分支科学 , 网络经济--研究
电子资源:
ISBN: 7-80149-534-9
000 00686nam0 2200241 45
001 0211050900
005 20031219104059.8
010    @a7-80149-534-9@dCNY33.00
100    @a20021105d2001 km y0chiy0120 ea
101 0  @achi
105    @a z 000yy
200 1  @a“新经济”透视@A“Xin Jing Ji”Tou Shi@f刘树成,张平著@FLiu Shu Cheng,Zhang Ping Zhu
210    @a北京@c社会科学文献出版社@d2001
215    @a527页@d20cm
225    @a经济研究文库@v10
410    @12001 @a经济研究文库
606 0  @a经济学@x分支科学
606 0  @a网络经济@x研究
690    @aF062.5@v4
701  0 @a刘树成@4著
701  0 @a张平@4著
801    @aCN@bTSTC@c20021105
905    @b316824-826@dF062.5@e26@f3
    
    “新经济”透视/刘树成,张平著.-北京:社会科学文献出版社,2001
    527页;20cm.-(经济研究文库;10)
    
    
    ISBN 7-80149-534-9:CNY33.00
    
●
相关链接 在E读中查询图书 在五车中查询图书 在当当中查询图书 在豆瓣中查询图书


正题名:"新经济"透视     索取号:F062.5/26         预约/预借

序号 登录号 条形码 馆藏地/架位号 状态 备注
1 0316824   203168240   第一借阅区/ [索取号:F062.5/26] 在馆    
2 0316825   203168259   第一借阅区/ [索取号:F062.5/26] 在馆    
3 0316826   203168268   第一样本阅览室/ [索取号:F062.5/26] 在馆    
唐山师范学院图书馆 欢迎您!
大连网信软件有限公司© 版权所有